000 00269nam a2200097Ia 4500
008 120224s9999 xx 000 0 und d
082 _aPC 100
_bRUS
100 _aRussell, Bertrand
245 _aProblems of philosophy
260 _bWilliams and Norgate
_aLondon
_c1919
999 _c99479
_d99479